MARC

LEADER 00000nam0a2200000 4500
001 673450
005 20240704141307.0
090 |a 673450 
100 |a 20240701d1979 km|y0rusy50 ca 
101 0 |a rus 
102 |a RU 
105 |a a f 001yy 
181 0 |a i   |b  e  
182 0 |a n 
183 0 |a nc  |2 RDAcarrier 
200 1 |a Популярная медицинская энциклопедия  |f гл. ред. Б. В. Петровский 
203 |a Текст  |b визуальный  |c непосредственный 
210 |a Москва  |c Советская энциклопедия  |d 1979 
215 |a 704 с.  |c ил. 
283 |a volume  |2 RDAcarrier 
320 |a Предметный (терминологический указатель: с. 691-703 
320 |a Список авторов статей: с. 704 
606 1 |a Медицина  |9 61564 
610 1 |a здоровье 
610 1 |a укрепление 
610 1 |a сохранение 
610 1 |a болезни 
610 1 |a предупреждение 
610 1 |a больные 
610 1 |a уход 
610 1 |a первая помощь 
610 1 |a энциклопедии 
675 |a 61(031)  |v 4 
702 1 |a Петровский  |b Б. В. 
801 0 |a RU  |b 63413507  |c 20240701 
830 |a Ретро2024Каталогизация Шило 
850 |a 63413507 
942 |c BK